|
|
|
|
| LEADER |
00000cam a2200000 a 4500 |
| 001 |
vtls001326272 |
| 003 |
SK-MaSNL |
| 005 |
20260301200331.0 |
| 008 |
240702s1997 xo gr 000 1 slo |
| 015 |
|
|
|a SNBA1998/07-02550
|
| 020 |
|
|
|a 8088775299
|
| 035 |
|
|
|a SNK000279045
|
| 035 |
|
|
|a urn:nbn:sk:snk-amkhi7
|
| 035 |
|
|
|a urn:nbn:sk:snk-am008gl9
|
| 035 |
|
|
|a 3E39E946-6FD8-40D2-83FC-C02260B62BE3
|
| 040 |
|
|
|a SNK
|b slo
|c SNK
|e AACR2
|
| 041 |
1 |
|
|a slo
|h eng
|
| 044 |
|
|
|a xo
|c SK
|
| 080 |
|
|
|a 244
|2 1981
|
| 080 |
|
|
|a 266
|2 1981
|
| 080 |
|
|
|a 27-29
|2 2011
|
| 080 |
|
|
|a 821.111(71)-32
|2 2011
|
| 100 |
1 |
|
|a Powers, Margaret Fishback
|4 aut
|9 40567
|
| 240 |
1 |
0 |
|a Footprints
|l Slovensky
|
| 245 |
1 |
0 |
|a Stopy v piesku
|b príbeh o básni, ktorá inšpirovala milióny ľudí
|c Margaret F. Powersová ; [z anglického originálu preložil Jozef Šajda, báseň Stopy v piesku preložila Magda Žáryová]
|
| 260 |
|
|
|a Bratislava
|b Motýľ
|c 1997
|
| 300 |
|
|
|a 111 s.
|c 21 cm
|
| 500 |
|
|
|a Údaj o prekl. prevzatý z rubu tit. strany
|
| 650 |
0 |
7 |
|a misie
|2 SNKPH
|9 4097
|
| 655 |
|
7 |
|a kresťanská literatúra
|2 SNKPH
|9 282399
|
| 655 |
|
7 |
|a kanadské príbehy (anglicky)
|2 SNKPH
|9 82142
|
| 700 |
1 |
|
|a Šajda, Jozef
|4 trl
|9 8272
|
| 700 |
1 |
|
|a Žáryová, Magda,
|d 1927-2009
|4 trl
|9 107891
|
| 852 |
|
|
|a Slovenská národná knižnica
|
| 919 |
|
|
|a 80-88775-29-9
|
| 954 |
|
|
|a beletria cudzojazyčná (svetová)
|2 lita
|
| 958 |
|
|
|a TL
|
| 958 |
|
|
|a UP
|
| 958 |
|
|
|a NS
|
| 958 |
|
|
|a LX
|
| 958 |
|
|
|a NT
|
| 968 |
|
|
|b ENG
|
| 999 |
|
|
|c 890013
|d 891943
|
| 952 |
|
|
|t P60, <03>, [BOOK], {603}
|a SNK
|b SNK
|y PREZ
|7 0
|p 17A0130330
|o snkSC 95472
|i snkKSP 3459/98
|0 0
|1 0
|4 0
|d 1998-03-31
|f 1
|l 0
|r 2025-09-12 00:00:00
|w 2026-02-24
|
| 952 |
|
|
|t P60, <04>, [BOOK], {604}
|a SNK
|b SNK
|y VYP
|7 0
|p 17A0130331
|o snkSC 95472 D1
|i snkKSP 3460/98
|0 0
|1 0
|4 0
|d 1998-03-31
|l 0
|r 2005-01-02 00:00:00
|w 2026-02-24
|